=LDR 00000nam 2200000 4500 =001 INLIS000000000011203 =005 20130612102806 =008 ***********************************Ind** =035 ##$$0010-061300000011203 =041 ##$$a Ind =082 ##$$a 346.07 =090 ##$$a 346.07, Gau s =100 ##$$a Gautama, Sudargo =245 ##$$a Segi-segi hukum perdagangan internasional (GATT) 4 GSP), Prof. Mr.DR.Sudargo Gautama =260 ##$$a Citra A ditya Bhakti $b Bandung =300 ##$$a VIII-202hlm., 21 cm =850 ##$$a NBPNMAT